Elecciones 2015: institucional y desafección política /
Uloženo v:
| Hlavní autor: | |
|---|---|
| Médium: | Text |
| Tagy: |
Přidat tag
Žádné tagy, Buďte první, kdo vytvoří štítek k tomuto záznamu!
|
MARC
| LEADER | 00000 a a2200000 04500 | ||
|---|---|---|---|
| 001 | 48806 | ||
| 003 | |||
| 040 | |||
| 100 | |a Aguilar, Jeannette | ||
| 245 | |a Elecciones 2015: |b institucional y desafección política / |c Jeannette Aguilar | ||
| 773 | |a volumen70, número740, (2015), páginas 45-60 : tablas, gráficos | ||
| 999 | |c 20222 |d 20222 | ||
